Peux tu trouver ces villes du chapitre 2 de Fortnite ? - Statistiques

Statistiques générales
  • Ce quiz a été pris 89 fois
  • Le résultat moyen est 5 sur 8
Statistiques - réponses
Par images Réponse % Correct
Pleasant Park
84%
Salty springs
84%
Retail Row
79%
Frenzy farm
68%
SlurpySwamp
66%
Catty corner
55%
Dirty Docks
55%
Holly hedges
45%
Aucun quiz correspondant
Distribution des résultats
% des personnes avec chaque résultat
Percentile par nombre de réponses
Votre historique - résultats
Vous n’avez pas pris ce quiz